Some days / by Karen Kaufman Orloff ; illustrated ... Read More
Available copies
- 1 of 2 copies available at LARL/NWRL Consortium.
- 1 of 1 copy available at Lake Agassiz Regional Library. (Show preferred library)
Current holds
0 current holds with 2 total copies.
Show Only Available Copies
| Location | Call Number / Copy Notes | Barcode | Shelving Location | Status | Due Date |
|---|---|---|---|---|---|
| Breckenridge Public Library | E O (Text) | 33500013088703 | Main | Available | - |
| Hallock Public Library | e ORL (Text) | 35500006164378 | Main | Checked out | 07/07/2026 |
Record details
- ISBN: 9781454926207
- ISBN: 1454926201
- Physical Description: 1 volume (unpaged) : colour illustrations ; 27 x ... Read More
- Publisher: New York, N.Y. : Sterling Children's Books, [2019]
- Copyright: ©2019
Content descriptions
| Summary, etc.: | Come along and follow a year in the life of a ... Read More |
Search for related items by subject
| Subject: | Emotions > Juvenile fiction. Picture books for children. Children's stories. Children's stories. Emotions. JUVENILE FICTION / Social Themes / Emotions & Feelings. |
| Genre: | Fiction. Juvenile works. Picture books. Picture books. Children's stories > Pictorial works. Picture books for children. |
| LDR | 02286cam a2200529Ii 4500 | ||
|---|---|---|---|
| 001 | 317047 | ||
| 003 | LARL_NWRL_CONSORTIUM | ||
| 005 | 20190618155055.0 | ||
| 007 | ta | ||
| 008 | 180719s2019 nyua a 000 1 eng d | ||
| 040 | . | ‡aYDX ‡beng ‡erda ‡cYDX ‡dOCLCQ ‡dATCDL ‡dNZAUC ‡dUKMGB ‡dOCLCO ‡dOCLCF ‡dCLE ‡dNZLPP ‡dTOH ‡dOCLCO ‡dTNH ‡dNYP ‡dUIU ‡dNRG | |
| 015 | . | ‡aGBB937044 ‡2bnb | |
| 016 | 7 | . | ‡a019268517 ‡2Uk |
| 020 | . | ‡a9781454926207 ‡q(hbk.) | |
| 020 | . | ‡a1454926201 ‡q(hbk.) | |
| 035 | . | ‡a(OCoLC)1045190404 | |
| 082 | 0 | 4. | ‡a813.6 ‡223 |
| 049 | . | ‡aNRGA | |
| 100 | 1 | . | ‡aOrloff, Karen Kaufman, ‡eauthor. ‡0(LARL_NWRL_CONSORTIUM)189803 |
| 245 | 1 | 0. | ‡aSome days / ‡cby Karen Kaufman Orloff ; illustrated by Ziyue Chen. |
| 264 | 1. | ‡aNew York, N.Y. : ‡bSterling Children's Books, ‡c[2019] | |
| 264 | 4. | ‡c©2019 | |
| 300 | . | ‡a1 volume (unpaged) : ‡bcolour illustrations ; ‡c27 x 27 cm. | |
| 336 | . | ‡atext ‡btxt ‡2rdacontent | |
| 336 | . | ‡astill image ‡bsti ‡2rdacontent | |
| 337 | . | ‡aunmediated ‡bn ‡2rdamedia | |
| 338 | . | ‡avolume ‡bnc ‡2rdacarrier | |
| 520 | . | ‡aCome along and follow a year in the life of a young boy and girl as they discover their many different and ever-changing emotions, including joy, fear, anger, jealousy, excitement, pride, disappointment, loneliness, and contentment. As children read about "angels in the snow days" as well as "need my mommy now days," they'll begin to understand how to cope with both positive and negative feelings. | |
| 650 | 0. | ‡aEmotions ‡vJuvenile fiction. | |
| 650 | 0. | ‡aPicture books for children. ‡0(LARL_NWRL_CONSORTIUM)177837 | |
| 650 | 0. | ‡aChildren's stories. ‡0(LARL_NWRL_CONSORTIUM)16466 | |
| 650 | 7. | ‡aChildren's stories. ‡2fast ‡0(LARL_NWRL_CONSORTIUM)16466 | |
| 650 | 7. | ‡aEmotions. ‡2fast ‡0(LARL_NWRL_CONSORTIUM)176606 | |
| 650 | 7. | ‡aJUVENILE FICTION / Social Themes / Emotions & Feelings. ‡2bisacsh | |
| 655 | 7. | ‡aFiction. ‡2fast | |
| 655 | 7. | ‡aJuvenile works. ‡2fast | |
| 655 | 7. | ‡aPicture books. ‡2fast | |
| 655 | 7. | ‡aPicture books. ‡2lcgft | |
| 655 | 7. | ‡aChildren's stories ‡vPictorial works. ‡2gsafd | |
| 655 | 0. | ‡aPicture books for children. | |
| 700 | 1 | . | ‡aChen, Ziyue, ‡eillustrator. |
| 905 | . | ‡ubacont | |
| 901 | . | ‡a317047 ‡b ‡c317047 ‡tbiblio ‡soclc | |

Add to basket
Permalink
Disable Highlighting